Gabrielle - 5 Fine Frøkner (Lyrics) - Statistics

General Stats
  • This quiz has been taken 44 times
  • The average score is 299 of 418
Answer Stats
Answer % Correct
å
97%
Fem
97%
fem
97%
fine
97%
i
97%
Oh
97%
frøkner
94%
frøkner,
94%
er
91%
Er
91%
Det
89%
det
89%
Vi
89%
vi
89%
som
86%
opp
83%
Du
80%
du
80%
for
80%
ingen
80%
men
80%
Men
80%
meg
77%
gjør
74%
himmelen
74%
ikke
74%
klubben,
74%
med
74%
andre
71%
kan
71%
Om
69%
fyrer
69%
helt
69%
her
69%
jeg
69%
kjøre
69%
noe
69%
Om
69%
alt
66%
får
66%
fri
66%
ned
66%
oss
66%
rolle,
66%
slipper
66%
til
66%
heller
63%
heller
63%
oppi
63%
penger,
63%
spiller
63%
befaler
60%
eier
60%
har
60%
Lyden
60%
Og
60%
og
60%
verden,
60%
verden
60%
den
57%
Den
57%
allting
54%
av
54%
ingenting
54%
54%
trenger
54%
deg
51%
en
51%
hjem
51%
lag
51%
Skru
51%
vår
51%
var
51%
aldri
49%
dra
46%
43%
skal
43%
der
40%
kropp
40%
ufyselige
40%
alene,
37%
hele
37%
hosianna,
37%
Kanskje
37%
kjenne
37%
sprenge
37%
brenne
34%
hva
34%
litt
34%
rad
34%
Danser
31%
derre
31%
fly
31%
kok
31%
når
31%
shalom
29%
vet
29%
dag?
26%
Hevenu
26%
ny
26%
lenger
23%
Send
23%
by
20%
fet,
20%
over
20%
sangen
20%
damer
14%
mine
14%
stunning
14%
tredd
11%
ihjel
6%
satte
6%
Clubbidubbin,
3%
No matching quizzes found
Score Distribution
Percent of People with Each Score
Percentile by Number Answered
Your Score History
You have not taken this quiz